| 000 | 00927cab a2200205 4500 | ||
|---|---|---|---|
| 001 | ABS45922 | ||
| 008 | 090401t1991 xxu||||| |||| 00| 0 eng d | ||
| 035 | _a(Sirsi) u55911 | ||
| 041 | _aeng | ||
| 100 | _aSmith, Peter F. | ||
| 245 | _aRecent developments in rent review: an appraisal in the light of the Thirteenth Annual Rent Review Conference 1&2 | ||
| 260 | _c1991 | ||
| 350 | _a0 | ||
| 490 |
_aRent Review & Lease Renewal _v12(1) Autumn 1991, 5-11; 12(2) Winter 1991/92, 127 |
||
| 520 | _aGives an appraisal of the main issues involved with rent reviews, and in particular points raised at the Henry Stewart Rent Review Conference in May 1991. Part 1 covers recent decisions, construction of the hypothetical lease, and time-limits on rent reviews. Part 2 examines the question of tenants` improvements. | ||
| 650 | _aCASE LAW | ||
| 690 | _aLANDLORD AND TENANT-RENT REVIEWS | ||
| 942 | _n0 | ||
| 948 | _c04/03/1997 | ||
| 999 |
_c34167 _d34167 |
||